| 000 | 00464nam a2200181Ia 4500 | ||
|---|---|---|---|
| 001 | 23072 | ||
| 005 | 20260414150913.0 | ||
| 008 | 260414t2019||||xx |||||||||||||| ||spa|| | ||
| 041 | _aESP | ||
| 082 |
_a624.1834 _bB141 |
||
| 100 |
_aBhattacharjee, J. _eAUT |
||
| 245 | 0 |
_aConcrete structures : _brepair, rehabilitation and retrofitting |
|
| 260 | _c2019 | ||
| 300 |
_axiv, 361 páginas : _c24 cm. |
||
| 650 | _a0 | ||
| 654 | _aCIC | ||
| 942 |
_cLIB _dJUS _fJUS _2ddc _n |
||
| 999 |
_c23072 _d23072 |
||